000 00717nam a2200241Ia 4500
005 20260121113213.0
008 12132 260114s9999 xx 000 0 eng d
020 _a9789814541121
037 _aEBOOK
040 _aCRL
_beng
_cCRL
041 _aeng
_2eng
084 _qCRL
100 _aGomes A Et Al
_9969886
245 0 _aQuasicrystals and Incommensurate Structures in Condensed Matter - Proceedings of the Third International Meeting on Quasicrystals
260 _bWorld Scientific
260 _bWSPC
260 _c1990
650 _aPhysics
_9969887
856 _uhttps://www.worldscientific.com/worldscibooks/10.1142/0914#t=toc
942 _cEBOOK
999 _c1549432
_d1549432